Normal view
MARC view
- Udai Vir Singh, Dr.
Entry Personal Name
001 - CONTROL NUMBER
- control field: 9296
003 - CONTROL NUMBER IDENTIFIER
- control field: NUST
005 - DATE AND TIME OF LATEST TRANSACTION
- control field: 20180120160209.0
008 - FIXED-LENGTH DATA ELEMENTS
- fixed length control field: 180120|| aca||aabn | a|a d
040 ## - CATALOGING SOURCE
- Original cataloging agency: NUST
- Transcribing agency: NUST
100 ## - HEADING--PERSONAL NAME
- Personal name: Udai Vir Singh, Dr.
670 ## - SOURCE DATA FOUND
- Source citation: Work cat.: (NUST)321239: Udai Vir Singh, Dr., Indo-Pak relations : glamour, drama, or diplomacy?, 2012
